000 00310nam a22001217a 4500
008 230621b xxu||||| |||| 00| 0 eng d
020 _a0662575857
082 _a328.30
_bHOC 1990
245 _aPrivilege in the Modern Context
260 _bClerk of the House of Commons
_c1990
300 _a28p
942 _2ddc
_cBK
999 _c2191
_d2191